000 00550nam a2200169Ia 4500
999 _c21839
_d21839
003 OSt
005 20200609143904.0
008 190216s9999||||xx |||||||||||||| ||und||
020 _a9788130915258
040 _coclc
082 _a355.13323
_bBAY/P
100 _a Bayley, David H
_92694
245 0 _aThe Police In War Fighting Insurgency, Terrorism,And Violent Crime /
_cDavid H Bayley ; Robert M Perito
260 _bViva Book,
_c2012.
_aNew Delhi:
300 _a195p
942 _cBK
_2ddc
_h355.13323
_iBAY/P
_k355.13323
_mBAY/P